Loading...
| Fine Arts - Painting and Sculpture | 0 | 3 | 0 | 1 | 30 | 77 | 113.33 | 1 | 1 | 4.82 | 13.64 |
| Mythology | 0 | 3 | 0 | 1 | 30 | 74 | 106.00 | 0 | 2 | 5.88 | 19.09 |
| Science - Physics | 0 | 2 | 0 | 0 | 20 | 112 | 123.50 | 0 | 0 | 0.94 | 10.00 |
| Science - Other | 0 | 2 | 1 | 1 | 15 | 99 | 113.00 | 0 | 2 | 1.65 | 10.00 |
| History - European | 0 | 1 | 0 | 0 | 10 | 60 | 60.00 | 0 | 0 | 4.69 | 3.64 |
| Literature - World | 0 | 1 | 0 | 0 | 10 | 106 | 106.00 | 0 | 0 | 1.44 | 5.45 |
| Other Academic | 0 | 1 | 0 | 0 | 10 | 125 | 125.00 | 0 | 0 | 9.15 | 20.00 |
| Religion | 0 | 1 | 0 | 0 | 10 | 73 | 73.00 | 0 | 1 | 3.47 | 7.27 |
| Fine Arts - Other | 0 | 1 | 0 | 1 | 10 | 141 | 141.00 | 0 | 0 | 0.06 | 4.55 |
| Geography | 0 | 1 | 1 | 0 | 5 | 24 | 24.00 | 0 | 1 | 20.38 | 20.00 |
| Fine Arts - Classical Music | 0 | 0 | 0 | 0 | 0 | 0.00 | 0 | 0 | 0.00 | 0.00 | |
| History - American | 0 | 0 | 0 | 0 | 0 | 0.00 | 0 | 0 | 0.00 | 0.00 | |
| Literature - American | 0 | 0 | 0 | 0 | 0 | 0.00 | 0 | 0 | 0.00 | 0.00 | |
| Literature - British | 0 | 0 | 0 | 0 | 0 | 0.00 | 0 | 0 | 0.00 | 0.00 | |
| Science - Biology | 0 | 0 | 0 | 0 | 0 | 0.00 | 0 | 0 | 0.00 | 0.00 | |
| Literature - European | 0 | 0 | 1 | 0 | -5 | 0.00 | 0 | 0 | 0.00 | 0.00 | |
| Social Science | 0 | 0 | 1 | 0 | -5 | 0.00 | 0 | 0 | 0.00 | 0.00 | |
| Philosophy | 0 | 0 | 3 | 0 | -15 | 0.00 | 0 | 0 | 0.00 | 0.00 |